[Event "4NCL 3 North pool D"]
[Site "Crewe, ENG"]
[Date "2016.05.02"]
[Round "11.96"]
[White "Bak, Andrew"]
[Black "McDonagh, Michael"]
[Result "1-0"]
[WhiteElo "2017"]
[BlackElo "1960"]
[PlyCount "51"]
[EventDate "2016.05.02"]
[WhiteTeam "Bradford DCA Knights B"]
[BlackTeam "Spirit of Atticus C"]

1. d4 Nf6 2. c4 c5 3. d5 Ne4 4. f3 Qa5+ 5. Nd2 Nd6 6. e4 g6 7. Bd3 Bg7 8. Ne2
O-O 9. O-O f5 10. Ng3 e6 11. Nb3 Qc7 12. exf5 Nxf5 13. Bxf5 exf5 14. d6 Qc6 15.
Re1 b6 16. Bf4 Bb7 17. Re7 Na6 18. Qd2 Rf7 19. Rae1 Raf8 20. Nc1 Qc8 21. Bh6
Nb4 22. Nxf5 Rxf5 23. Rxg7+ Kh8 24. Ree7 R8f7 25. Rgxf7 Rxf7 26. Rxf7 1-0

[Event "4NCL 3 North pool D"]
[Site "Crewe, ENG"]
[Date "2016.05.02"]
[Round "11.97"]
[White "Hulme, David I"]
[Black "Bramson, Mike"]
[Result "1/2-1/2"]
[WhiteElo "1757"]
[BlackElo "1872"]
[PlyCount "42"]
[EventDate "2016.05.02"]
[WhiteTeam "Spirit of Atticus C"]
[BlackTeam "Bradford DCA Knights B"]

1. e4 e5 2. Nf3 Nc6 3. Bb5 a6 4. Ba4 d6 5. O-O Bd7 6. Bb3 h6 7. c3 Nge7 8. d4
Ng6 9. Be3 Be7 10. Nbd2 Bg5 11. Re1 Qf6 12. Nf1 Bg4 13. Ng3 Nh4 14. Bxf7+ Kf8
15. Bh5 Nxf3+ 16. gxf3 Bxh5 17. Nxh5 Qg6 18. Ng3 Bf4 19. Kh1 Qf7 20. Rg1 Ne7
21. Qb3 Qxb3 1/2-1/2

[Event "4NCL 3 North pool D"]
[Site "Crewe, ENG"]
[Date "2016.05.02"]
[Round "11.98"]
[White "Gardiner, Eric D"]
[Black "Stuttard, David"]
[Result "1-0"]
[WhiteElo "1923"]
[BlackElo "1825"]
[PlyCount "59"]
[EventDate "2016.05.02"]
[WhiteTeam "Bradford DCA Knights B"]
[BlackTeam "Spirit of Atticus C"]

1. d4 Nf6 2. Bg5 e6 3. e4 Be7 4. Nd2 d6 5. Bd3 Nbd7 6. Ngf3 e5 7. c3 Nf8 8.
dxe5 dxe5 9. Nxe5 c6 10. Qe2 Ne6 11. Be3 Qc7 12. f4 Bc5 13. O-O-O O-O 14. Ndf3
Rd8 15. f5 Qb6 16. Bxc5 Nxc5 17. Bc4 Ncxe4 18. Rxd8+ Qxd8 19. Nxf7 Qc7 20.
N7g5+ Kh8 21. Nxe4 Bxf5 22. Nxf6 Qf4+ 23. Nd2 gxf6 24. Bd3 Rd8 25. Bxf5 Qxf5
26. Rd1 Rd5 27. Nf3 Qf4+ 28. Kb1 Qf5+ 29. Ka1 Qe4 30. Qxe4 1-0

[Event "4NCL 3 North pool D"]
[Site "Crewe, ENG"]
[Date "2016.05.02"]
[Round "11.99"]
[White "Lloyd, Stephen M"]
[Black "Slinger, Tony J"]
[Result "0-1"]
[WhiteElo "1772"]
[BlackElo "1934"]
[PlyCount "140"]
[EventDate "2016.05.02"]
[WhiteTeam "Spirit of Atticus C"]
[BlackTeam "Bradford DCA Knights B"]

1. d4 d5 2. Nf3 Nf6 3. e3 g6 4. Bd3 Bg7 5. Nbd2 O-O 6. Ne5 c5 7. c3 Nc6 8. f4
Qc7 9. O-O b6 10. Ndf3 Bb7 11. Ng5 c4 12. Bc2 Nxe5 13. fxe5 Ne4 14. Nxe4 dxe4
15. Rf4 Rad8 16. Qg4 f6 17. exf6 exf6 18. Bd2 f5 19. Qh3 Bd5 20. Raf1 Qd7 21.
Bd1 Be6 22. g4 Bf6 23. gxf5 gxf5 24. Bc2 Kh8 25. Be1 Rg8+ 26. Kh1 Bg5 27. Bh4
Bxh4 28. Qxh4 Qg7 29. Qf2 Qg5 30. Rg1 Qxg1+ 31. Qxg1 Rxg1+ 32. Kxg1 Kg7 33. Kf2
b5 34. a4 bxa4 35. Bxa4 Rb8 36. Kg3 Rxb2 37. d5 Bxd5 38. Rxf5 Bf7 39. h4 Ra2
40. Bc6 Ra3 41. Bxe4 Rxc3 42. Kf4 Rc1 43. Rg5+ Kh8 44. h5 h6 45. Rf5 Rf1+ 46.
Bf3 c3 47. Rc5 Bxh5 48. Rxh5 c2 49. Rxh6+ Kg7 50. Rc6 c1=Q 51. Rxc1 Rxc1 52.
Ke5 a5 53. Bd5 a4 54. Kd4 a3 55. Bb3 Rc2 56. Bxc2 a2 57. Bd3 a1=Q+ 58. Ke4 Kf6
59. Kf3 Ke5 60. Be2 Qa8+ 61. Kf2 Qf8+ 62. Bf3 Kf5 63. Ke2 Kg5 64. Kf2 Qd6 65.
Bg2 Kh4 66. Bf3 Qd2+ 67. Be2 Kh3 68. Kf3 Kh2 69. Kf2 Qc2 70. Kf1 Kg3 0-1

[Event "4NCL 3 North pool D"]
[Site "Crewe, ENG"]
[Date "2016.05.02"]
[Round "11.100"]
[White "Johnson, Paul A"]
[Black "Emerton, Keith"]
[Result "0-1"]
[WhiteElo "1873"]
[BlackElo "1775"]
[PlyCount "138"]
[EventDate "2016.05.02"]
[WhiteTeam "Bradford DCA Knights B"]
[BlackTeam "Spirit of Atticus C"]

1. d4 Nf6 2. Nf3 g6 3. c4 Bg7 4. Nc3 d6 5. e4 O-O 6. Be2 Nbd7 7. O-O c6 8. h3
e5 9. d5 c5 10. Be3 a6 11. a3 b6 12. Rb1 Ne8 13. Nd2 f5 14. f3 f4 15. Bf2 Ndf6
16. Bh4 h6 17. b4 g5 18. Bf2 Rf7 19. Kh2 Bf8 20. Rh1 Rg7 21. Kg1 h5 22. Kf1
Raa7 23. Ke1 g4 24. Bh4 Be7 25. Nb3 gxh3 26. gxh3 Nh7 27. Bxe7 Raxe7 28. Bf1 h4
29. Rb2 Rg6 30. Rg2 Reg7 31. Rxg6 Rxg6 32. Ne2 Ng5 33. Qd3 Nf6 34. Nd2 Nh5 35.
Kd1 Bd7 36. Kc1 Qc8 37. Ng1 Ng3 38. Rh2 Nxf1 39. Qxf1 cxb4 40. axb4 b5 41. Kb2
Kf7 42. Kb3 Nh7 43. Qf2 bxc4+ 44. Nxc4 Bb5 45. Qa7+ Qd7 46. Qb6 Bxc4+ 47. Kxc4
Qb5+ 48. Qxb5 axb5+ 49. Kxb5 Rxg1 50. Kc6 Ke7 51. Rc2 Nf8 52. b5 Nd7 53. Rb2
Rg3 54. b6 Rxf3 55. b7 Rc3+ 56. Kb5 Rxh3 57. Kc4 Nb8 58. Kb5 Re3 59. Kb6 Nd7+
60. Kc6 Rc3+ 61. Kb5 Re3 62. Kc6 Rc3+ 63. Kb5 Nb8 64. Kb6 Nd7+ 65. Kb5 Re3 66.
Kc6 Rxe4 67. b8=Q Nxb8+ 68. Rxb8 Rc4+ 69. Kb5 Rc5+ 0-1

[Event "4NCL 3 North pool D"]
[Site "Crewe, ENG"]
[Date "2016.05.02"]
[Round "11.105"]
[White "Hilton, Tim"]
[Black "Kolbus, Dietmar"]
[Result "0-1"]
[WhiteElo "1960"]
[BlackElo "2305"]
[PlyCount "70"]
[EventDate "2016.05.02"]
[WhiteTeam "Manchester Manticores 3"]
[BlackTeam "Manx Ravens"]

1. d4 Nf6 2. c4 g6 3. f3 d5 4. cxd5 Nxd5 5. e4 Nb6 6. Nc3 Bg7 7. Be3 Nc6 8. d5
Ne5 9. f4 Ned7 10. Nf3 c6 11. Bd4 Nf6 12. dxc6 bxc6 13. Be2 O-O 14. O-O Qc7 15.
Be5 Qb7 16. Qc2 Bg4 17. Rac1 c5 18. Bxf6 exf6 19. Nb5 Qe7 20. Rfd1 Rfd8 21. h3
Bd7 22. Nd2 Bh6 23. Rf1 Bc6 24. Nc3 Qd6 25. Nb3 Bxf4 26. Rcd1 Be3+ 27. Kh1 Qe7
28. Na5 Be8 29. e5 f5 30. Bf3 Rab8 31. Nc6 Bxc6 32. Bxc6 Rxd1 33. Nxd1 Bd4 34.
Nf2 Qxe5 35. g4 Nd5 0-1

[Event "4NCL 3 North pool D"]
[Site "Crewe, ENG"]
[Date "2016.05.02"]
[Round "11.106"]
[White "Ottosen, David"]
[Black "Collins, Richard A"]
[Result "1/2-1/2"]
[WhiteElo "2106"]
[BlackElo "1930"]
[PlyCount "36"]
[EventDate "2016.05.02"]
[WhiteTeam "Manx Ravens"]
[BlackTeam "Manchester Manticores 3"]

1. e4 c6 2. d4 d5 3. e5 Bf5 4. Nf3 e6 5. Be2 Nd7 6. O-O c5 7. c4 Ne7 8. Nc3
dxc4 9. Bxc4 a6 10. Qa4 Nc6 11. Qd1 cxd4 12. Nxd4 Nxd4 13. Qxd4 Bc5 14. Qf4 O-O
15. Ne4 Qb6 16. b3 Bd4 17. Be3 Bxe5 18. Qxe5 Nxe5 1/2-1/2

[Event "4NCL 3 North pool D"]
[Site "Crewe, ENG"]
[Date "2016.05.02"]
[Round "11.107"]
[White "Coward, Neil"]
[Black "Fabri, Henrik"]
[Result "0-1"]
[WhiteElo "1930"]
[BlackElo "1994"]
[PlyCount "110"]
[EventDate "2016.05.02"]
[WhiteTeam "Manchester Manticores 3"]
[BlackTeam "Manx Ravens"]

1. e4 Nf6 2. e5 Nd5 3. d4 d6 4. exd6 cxd6 5. Nf3 g6 6. Bd3 Bg7 7. O-O O-O 8. c3
a6 9. Nbd2 Nc6 10. Ne4 Bd7 11. Qb3 Nc7 12. Bg5 h6 13. Bh4 g5 14. Bg3 Na5 15.
Qb6 Nd5 16. Qxd8 Rfxd8 17. h3 f5 18. Ned2 b5 19. Rfc1 Rac8 20. Nb3 Nc4 21. Bxc4
bxc4 22. Na5 f4 23. Bh2 Bf5 24. Nd2 Bd3 25. Kh1 e5 26. dxe5 Bxe5 27. Nf3 Kf7
28. Bg1 Bf6 29. Ne1 Bf5 30. Rd1 Be6 31. f3 Ne3 32. Nb7 Nxd1 33. Nxd8+ Rxd8 34.
Rxd1 Rb8 35. Rd2 h5 36. Bf2 a5 37. Kg1 Be5 38. Kf1 Bf5 39. Ke2 a4 40. a3 Ke6
41. Kd1 g4 42. fxg4 hxg4 43. hxg4 Bxg4+ 44. Nf3 Rg8 45. Re2 Bh5 46. Ba7 Rxg2
47. Rxg2 Bxf3+ 48. Re2 Kf5 49. Ke1 Bxe2 50. Kxe2 Ke4 51. Bb6 d5 52. Kf2 d4 53.
Bxd4 Bxd4+ 54. cxd4 Kxd4 55. Kf3 Kd3 0-1

[Event "4NCL 3 North pool D"]
[Site "Crewe, ENG"]
[Date "2016.05.02"]
[Round "11.108"]
[White "Costello, John"]
[Black "Potter, Steven"]
[Result "0-1"]
[WhiteElo "1900"]
[BlackElo "1915"]
[PlyCount "48"]
[EventDate "2016.05.02"]
[WhiteTeam "Manx Ravens"]
[BlackTeam "Manchester Manticores 3"]

1. d4 e6 2. c4 b6 3. Nc3 Bb4 4. Nf3 Bb7 5. e3 f5 6. Bd3 Nf6 7. a3 Bxc3+ 8. bxc3
O-O 9. a4 d6 10. Ba3 Nbd7 11. Qc2 Ne4 12. O-O-O c5 13. Kb1 Qc7 14. Ne1 a6 15.
f3 Nef6 16. Qb3 Kh8 17. Nc2 Rfb8 18. Bb2 d5 19. Na3 Bc6 20. Rhe1 b5 21. cxb5 c4
22. Bxc4 axb5 23. Bxb5 Nb6 24. Qc2 Nxa4 0-1

[Event "4NCL 3 North pool D"]
[Site "Crewe, ENG"]
[Date "2016.05.02"]
[Round "11.109"]
[White "Lonsdale, Jon I"]
[Black "Woodard, Brian Robert"]
[Result "1-0"]
[WhiteElo "1892"]
[BlackElo "1697"]
[PlyCount "81"]
[EventDate "2016.05.02"]
[WhiteTeam "Manchester Manticores 3"]
[BlackTeam "Manx Ravens"]

1. e4 c6 2. d4 d5 3. exd5 cxd5 4. c4 Nf6 5. Nc3 e6 6. Nf3 Nc6 7. c5 Be7 8. Bf4
a6 9. a3 h6 10. h3 Nd7 11. Be2 Bf6 12. O-O O-O 13. Bh2 Re8 14. Re1 Nf8 15. Qd2
Nd7 16. Rab1 Qe7 17. b4 Qd8 18. Kh1 g5 19. Bd1 Bg7 20. Bc2 f5 21. Qd3 Nf6 22.
Be5 Ne4 23. Kg1 Nxc3 24. Qxc3 Nxe5 25. Nxe5 Bxe5 26. Rxe5 Bd7 27. Qf3 Qf6 28.
Rbe1 Kg7 29. Bd3 Rab8 30. Qe2 Qd8 31. b5 axb5 32. Bxb5 Kf6 33. a4 Qc8 34. Re3
Bc6 35. Qh5 Kg7 36. h4 g4 37. f3 g3 38. f4 Kh7 39. Qf7+ Kh8 40. Rxe6 Rxe6 41.
Rxe6 1-0

[Event "4NCL 3 North pool D"]
[Site "Crewe, ENG"]
[Date "2016.05.02"]
[Round "11.110"]
[White "Hodgson, James Vincent"]
[Black "Gawne, Martin P"]
[Result "0-1"]
[WhiteElo "1645"]
[BlackElo "1847"]
[PlyCount "42"]
[EventDate "2016.05.02"]
[WhiteTeam "Manx Ravens"]
[BlackTeam "Manchester Manticores 3"]

1. c4 g6 2. Nc3 Bg7 3. g3 d6 4. Bg2 e5 5. Nf3 Nc6 6. d3 Nge7 7. O-O f5 8. e3
O-O 9. Nd2 Be6 10. Nd5 Rb8 11. f4 b5 12. e4 Nd4 13. Nb3 exf4 14. Nxf4 Bf7 15.
Be3 Nxb3 16. axb3 bxc4 17. bxc4 Rxb2 18. Rxa7 Qb8 19. Nd5 Nc8 20. Ra3 Bxd5 21.
cxd5 Rxg2+ 0-1

[Event "4NCL 3 North pool D"]
[Site "Crewe, ENG"]
[Date "2016.05.02"]
[Round "11.115"]
[White "Turner, John M"]
[Black "McCarthy, Damian"]
[Result "1/2-1/2"]
[WhiteElo "2026"]
[BlackElo "1856"]
[PlyCount "130"]
[EventDate "2016.05.02"]
[WhiteTeam "Holmes Chapel"]
[BlackTeam "Bradford DCA Knights C"]

1. e4 c5 2. Nc3 g6 3. d4 cxd4 4. Qxd4 Nf6 5. Nf3 Nc6 6. Qa4 d6 7. e5 dxe5 8.
Nxe5 Qd6 9. Nxc6 Bd7 10. Bb5 Bxc6 11. Bf4 Qe6+ 12. Be3 Bg7 13. O-O a6 14. Bxc6+
Qxc6 15. Qxc6+ bxc6 16. Rad1 O-O 17. b3 Rfd8 18. Bb6 Rxd1 19. Rxd1 Kf8 20. f3
Ke8 21. Rd3 Nd7 22. Bd4 e5 23. Bf2 f5 24. Na4 Rc8 25. Nc5 Nxc5 26. Bxc5 Rd8 27.
Rxd8+ Kxd8 28. Kf2 Kd7 29. Ke3 Ke6 30. c4 Bf6 31. Kd3 g5 32. g4 Bg7 33. h3 Bf6
34. Ke3 Bd8 35. a4 a5 36. b4 axb4 37. Bxb4 Bb6+ 38. Kd3 Ba7 39. Bd2 h6 40.
gxf5+ Kxf5 41. Be3 c5 42. a5 h5 43. Bd2 Bb8 44. Ke3 Ba7 45. a6 e4 46. fxe4+ Ke6
47. Bc3 Bb8 48. Kf3 Ba7 49. Bd2 Kf6 50. Bc3+ Ke6 51. e5 Kf5 52. e6 Kxe6 53. Ke4
g4 54. hxg4 hxg4 55. Kf4 g3 56. Kxg3 Kf5 57. Kf3 Bb8 58. Ke3 Ba7 59. Kd3 Ke6
60. Kc2 Kd6 61. Kb3 Kc6 62. Ba5 Bb8 63. Ka4 Ba7 64. Bd8 Kd7 65. Bg5 Kc6 1/2-1/2

[Event "4NCL 3 North pool D"]
[Site "Crewe, ENG"]
[Date "2016.05.02"]
[Round "11.116"]
[White "Patrick, David A"]
[Black "Doran, Chris"]
[Result "0-1"]
[WhiteElo "1869"]
[BlackElo "1987"]
[PlyCount "88"]
[EventDate "2016.05.02"]
[WhiteTeam "Bradford DCA Knights C"]
[BlackTeam "Holmes Chapel"]

1. e4 c5 2. Nc3 Nc6 3. g3 g6 4. Bg2 Bg7 5. Nge2 d6 6. d3 e6 7. Be3 Nd4 8. O-O
Ne7 9. f4 O-O 10. Qd2 Rb8 11. Nd1 b5 12. c3 Nxe2+ 13. Qxe2 b4 14. Qc2 Qa5 15.
Qb3 Bd7 16. Qc2 bxc3 17. Nxc3 Nc6 18. Rab1 Rb6 19. f5 Nd4 20. Qd2 exf5 21. Nd5
Qxd2 22. Bxd2 Ra6 23. Nc3 Be6 24. Bf4 fxe4 25. dxe4 Rb8 26. Rfd1 Bxa2 27. Nxa2
Rxa2 28. Bxd6 Rb5 29. e5 Nf5 30. Rd3 c4 31. Ra3 Rxa3 32. Bxa3 Bxe5 33. Rd1 Bd4+
34. Kh1 Bxb2 35. Rd8+ Kg7 36. Bf8+ Kf6 37. Rc8 Bd4 38. Be4 c3 39. g4 Ne3 40.
Bd3 Ra5 41. Rc6+ Kg5 42. h4+ Kxh4 43. Kh2 Be5+ 44. Kg1 Kg3 0-1

[Event "4NCL 3 North pool D"]
[Site "Crewe, ENG"]
[Date "2016.05.02"]
[Round "11.117"]
[White "Bennett, Patrick"]
[Black "Adam, David W"]
[Result "1-0"]
[WhiteElo "2004"]
[BlackElo "1847"]
[PlyCount "79"]
[EventDate "2016.05.02"]
[WhiteTeam "Holmes Chapel"]
[BlackTeam "Bradford DCA Knights C"]

1. Nf3 c5 2. g3 Nc6 3. Bg2 g6 4. O-O Bg7 5. d3 Nf6 6. c4 O-O 7. Nc3 d6 8. a3
Bg4 9. h3 Bd7 10. Rb1 Rb8 11. Bd2 a6 12. Qc1 Re8 13. b4 Nd4 14. bxc5 Nxf3+ 15.
exf3 dxc5 16. Bf4 e5 17. Bg5 Bc6 18. Ne4 Bxe4 19. dxe4 Qc7 20. f4 Nh5 21. f5 f6
22. Be3 Bf8 23. Rd1 Red8 24. Qb2 g5 25. Bf3 Ng7 26. Rxd8 Qxd8 27. Rd1 Qc7 28.
Qd2 Ne8 29. Bh5 b6 30. Qd5+ Kh8 31. Qe6 Ng7 32. Qxf6 Be7 33. Qh6 Nxh5 34. Qxh5
Rd8 35. Rb1 Rg8 36. Qh6 Qb7 37. Rxb6 Qxe4 38. Qe6 g4 39. Qxe7 gxh3 40. Qf6+ 1-0

[Event "4NCL 3 North pool D"]
[Site "Crewe, ENG"]
[Date "2016.05.02"]
[Round "11.118"]
[White "Dean, Robert A"]
[Black "Laurence, Geoff"]
[Result "1-0"]
[WhiteElo "1780"]
[BlackElo "2012"]
[PlyCount "61"]
[EventDate "2016.05.02"]
[WhiteTeam "Bradford DCA Knights C"]
[BlackTeam "Holmes Chapel"]

1. e4 Nc6 2. d4 d5 3. e5 f6 4. f4 Nh6 5. Nf3 Bf5 6. Bb5 Qd7 7. Nc3 a6 8. Ba4 e6
9. O-O Be7 10. Ne2 b5 11. Bb3 Na5 12. Ng3 Be4 13. Nh5 O-O 14. exf6 gxf6 15. c3
Nxb3 16. axb3 Kh8 17. b4 Rg8 18. Ng3 Bg6 19. Nh4 f5 20. Nf3 Qd8 21. Re1 Bf7 22.
Ng5 Rg6 23. Qe2 Qg8 24. Qe5+ Bf6 25. Qxc7 Bxg5 26. fxg5 Ng4 27. Bf4 h6 28. gxh6
Nxh6 29. Re2 Ng4 30. Qb7 e5 31. dxe5 {Now played 35 ... Ne6  36 Qe3 Rc8  37
Bh6 f4  38 Bxf4 Nxf4  39 Rxf4 Rxf4  40 Qxf4 Bc4  41 Qh6+ Qh7  42 Rf8+ Rxf8
Qxf8+} 1-0

[Event "4NCL 3 North pool D"]
[Site "Crewe, ENG"]
[Date "2016.05.02"]
[Round "11.119"]
[White "Scattergood, Ben"]
[Black "Braham, Peter"]
[Result "0-1"]
[WhiteElo "1920"]
[BlackElo "1659"]
[PlyCount "104"]
[EventDate "2016.05.02"]
[WhiteTeam "Holmes Chapel"]
[BlackTeam "Bradford DCA Knights C"]

1. e4 c5 2. Nf3 g6 3. d3 Nc6 4. g3 d6 5. Bg2 Bg7 6. c3 Nf6 7. O-O O-O 8. a3 Bd7
9. Be3 Ng4 10. Nbd2 Rb8 11. Ne1 Qc7 12. Rc1 Nxe3 13. fxe3 Bg4 14. Ndf3 Qd7 15.
d4 Bh6 16. Qd2 Na5 17. Qe2 Nc4 18. Qxc4 Bxe3+ 19. Kh1 Bxc1 20. Nd3 b5 21. Qd5
Be6 22. Nxc5 dxc5 23. Qxd7 Bxd7 24. Ne5 Bxb2 25. Nxd7 cxd4 26. cxd4 Bxd4 27. e5
e6 28. Rf4 Bb2 29. Rh4 Kg7 30. Nxf8 Rxf8 31. Rb4 Bxa3 32. Rxb5 Rc8 33. Bf3 Rc5
34. Rb3 Bc1 35. Rb1 Be3 36. Be2 Rxe5 37. Ba6 Ra5 38. Bc4 Rc5 39. Ba6 Rc7 40.
Kg2 e5 41. Kf3 Bb6 42. Rb5 Rc3+ 43. Ke4 Ra3 44. Bc8 Bd4 45. Rb7 Kf8 46. g4 Rh3
47. g5 Rxh2 48. Kd5 h5 49. Kd6 Rb2 50. Rd7 Rd2 51. Rd8+ Kg7 52. Kc6 Be3 0-1

[Event "4NCL 3 North pool D"]
[Site "Crewe, ENG"]
[Date "2016.05.02"]
[Round "11.125"]
[White "White, Mark W"]
[Black "Armstrong, William G"]
[Result "0-1"]
[WhiteElo "2063"]
[BlackElo "1870"]
[PlyCount "94"]
[EventDate "2016.05.02"]
[WhiteTeam "Jorvik"]
[BlackTeam "Cheddleton 3"]

1. e4 c5 2. d4 cxd4 3. c3 g6 4. Nf3 Bg7 5. cxd4 d5 6. e5 Bg4 7. h3 Bxf3 8. Qxf3
e6 9. Bb5+ Nc6 10. Bxc6+ bxc6 11. Qc3 Qb6 12. O-O Ne7 13. Nd2 Rb8 14. a3 O-O
15. b4 f6 16. Nf3 fxe5 17. Nxe5 Bxe5 18. dxe5 Nf5 19. Bg5 Rfc8 20. Rac1 Qd4 21.
Rfd1 Qxc3 22. Rxc3 a5 23. g4 axb4 24. axb4 Ng7 25. Be7 Ne8 26. Rdc1 Rb7 27. Bc5
Rd8 28. Ra1 d4 29. Rd3 Nc7 30. Kg2 Kf7 31. Rad1 Nb5 32. Rf3+ Kg7 33. Rf6 Re8
34. Rd2 Rd7 35. f4 Nc3 36. Kf3 d3 37. f5 exf5 38. Rxc6 fxg4+ 39. Kxg4 Ne4 40.
e6 Rd5 41. Rd1 Rxc5 42. bxc5 Nf2+ 43. Kf3 Nxd1 44. Rd6 Nb2 45. c6 Nc4 46. Rd4
Ne5+ 47. Ke3 Nxc6 0-1

[Event "4NCL 3 North pool D"]
[Site "Crewe, ENG"]
[Date "2016.05.02"]
[Round "11.127"]
[White "Cowan, Richard M"]
[Black "Blackburn, Jon"]
[Result "1-0"]
[WhiteElo "1865"]
[BlackElo "1851"]
[PlyCount "113"]
[EventDate "2016.05.02"]
[WhiteTeam "Jorvik"]
[BlackTeam "Cheddleton 3"]

1. d4 d5 2. Nf3 Nf6 3. e3 e6 4. Nbd2 Be7 5. Bd3 b6 6. O-O O-O 7. Ne5 Bb7 8. f4
Nbd7 9. Qf3 c5 10. c3 Qc7 11. g4 Ne8 12. Qh3 g6 13. Ndf3 Nd6 14. Nxd7 Qxd7 15.
Ne5 Qe8 16. f5 exf5 17. gxf5 Bc8 18. Qg2 Ne4 19. Bxe4 dxe4 20. f6 Bd6 21. Qg5
Bxe5 22. dxe5 Kh8 23. Rf4 Qd7 24. b3 Qd1+ 25. Rf1 Qg4+ 26. Qxg4 Bxg4 27. c4
Rad8 28. Bb2 Rd2 29. Rf2 Rfd8 30. Rb1 Kg8 31. b4 cxb4 32. Bd4 Rxf2 33. Kxf2 Rc8
34. Rxb4 Be6 35. Ra4 Rc7 36. Kg3 h6 37. Kf4 Bxc4 38. Kxe4 Be6 39. a3 Kf8 40. h4
Ke8 41. Rb4 Kd7 42. Kd3 Rc6 43. Bc3 Kc7 44. Rd4 a5 45. Bd2 Rc5 46. e4 h5 47.
Bh6 Kc6 48. Rd6+ Kb7 49. Rxe6 fxe6 50. f7 Rc8 51. f8=Q Rxf8 52. Bxf8 Kc6 53.
Ke3 Kd7 54. Kf4 Ke8 55. Bd6 a4 56. Kg5 Kf7 57. Kh6 1-0

[Event "4NCL 3 North pool D"]
[Site "Crewe, ENG"]
[Date "2016.05.02"]
[Round "11.128"]
[White "Taylor, Robert"]
[Black "Flint, Martina"]
[Result "0-1"]
[WhiteElo "1810"]
[BlackElo "1858"]
[PlyCount "67"]
[EventDate "2016.05.02"]
[WhiteTeam "Cheddleton 3"]
[BlackTeam "Jorvik"]

1. c4 g6 2. g3 Bg7 3. Bg2 d6 4. Nc3 e5 5. e4 Ne7 6. d3 O-O 7. Nge2 c6 8. O-O
Na6 9. Rb1 Nc7 10. Bg5 Ne6 11. Bxe7 Qxe7 12. b4 h5 13. Qc2 h4 14. f4 hxg3 15.
hxg3 exf4 16. gxf4 Nd4 17. Qd2 Bg4 18. Qe3 Nxe2+ 19. Nxe2 Qh4 20. e5 Rae8 21.
Qg3 Qh5 22. Bf3 Bxf3 23. Qxf3 Qxf3 24. Rxf3 dxe5 25. Rd1 exf4 26. Nxf4 Bd4+ 27.
Kg2 Re5 28. Rdf1 Kg7 29. Rg3 Rh8 30. a4 a6 31. c5 Rh4 32. Rff3 Re1 33. Rf1 Rxf1
34. Kxf1 0-1

[Event "4NCL 3 North pool D"]
[Site "Crewe, ENG"]
[Date "2016.05.02"]
[Round "11.129"]
[White "Anderson, Paul W"]
[Black "Emmerton, Stephen J"]
[Result "1-0"]
[WhiteElo "1759"]
[BlackElo "1799"]
[PlyCount "103"]
[EventDate "2016.05.02"]
[WhiteTeam "Jorvik"]
[BlackTeam "Cheddleton 3"]

1. c4 e5 2. Nc3 Nc6 3. Nf3 f5 4. e4 Bc5 5. exf5 Nf6 6. d3 h6 7. Ne4 Bb4+ 8. Bd2
Bxd2+ 9. Qxd2 d6 10. Ng3 O-O 11. Be2 Ne7 12. Nh4 Qe8 13. O-O Bd7 14. f4 Nh7 15.
fxe5 dxe5 16. Bh5 Qd8 17. Rae1 Nc6 18. Ng6 Rf6 19. Nxe5 Nd4 20. Ng4 Rf8 21. Bg6
Ng5 22. Qf4 c5 23. Ne3 b5 24. Nd5 Bc6 25. Ne7+ Kh8 26. Nxc6 Nxc6 27. cxb5 Nd4
28. h4 Nge6 29. Qe4 Nc7 30. a4 Nd5 31. Nh5 Nf6 32. Nxf6 Qxf6 33. Qe7 Qb6 34.
Qe3 Nc2 35. Qf2 Nxe1 36. Rxe1 Rad8 37. Re6 Rd6 38. Qe3 c4 39. Qxb6 Rxb6 40.
dxc4 Rbb8 41. c5 Rfc8 42. b4 Rc7 43. a5 Kg8 44. b6 axb6 45. axb6 Rcc8 46. Kf2
Kf8 47. Ke3 Rb7 48. Kd4 Re7 49. Ke5 Rc6 50. Rxe7 Kxe7 51. Kd5 Kd7 52. Be8+ 1-0

[Event "4NCL 3 North pool D"]
[Site "Crewe, ENG"]
[Date "2016.05.02"]
[Round "11.130"]
[White "Blackburn, Sandra G"]
[Black "Andrews, Norman G"]
[Result "1/2-1/2"]
[WhiteElo "1585"]
[BlackElo "1582"]
[PlyCount "101"]
[EventDate "2016.05.02"]
[WhiteTeam "Cheddleton 3"]
[BlackTeam "Jorvik"]

1. d4 Nf6 2. Nf3 e6 3. Bg5 d5 4. e3 h6 5. Bh4 Be7 6. Bd3 Nbd7 7. Nbd2 c5 8. c3
b6 9. O-O Bb7 10. Re1 Qc8 11. h3 Bd6 12. e4 dxe4 13. Nxe4 Nxe4 14. Bxe4 Bxe4
15. Rxe4 g5 16. Bg3 Bxg3 17. fxg3 O-O 18. Ne5 Nxe5 19. Rxe5 f6 20. Re2 Qc6 21.
Qc2 Kg7 22. Rae1 Rfe8 23. Qe4 Qc7 24. g4 cxd4 25. Qxd4 Rad8 26. Qb4 Rd6 27. Re4
e5 28. Rc4 Qd7 29. Rce4 Rd8 30. R4e2 Rd1 31. Qe4 Qd3 32. Qxd3 R1xd3 33. Kf2 Kf7
34. Re4 Ke6 35. Rc4 R3d7 36. Rc6+ Rd6 37. Rc7 R8d7 38. Rc8 Kf7 39. Rh8 Kg7 40.
Rb8 Kg6 41. Rg8+ Rg7 42. Rxg7+ Kxg7 43. Re2 b5 44. Ke3 Kf7 45. Ke4 Ke6 46. a3
a6 47. Rc2 Rd7 48. Rf2 Rd6 49. Rc2 Rd5 50. Rf2 Rd6 51. Rc2 1/2-1/2